<?xml version="1.0" encoding="UTF-8"?>
<record
    xmlns:xsi="http://www.w3.org/2001/XMLSchema-instance"
    xsi:schemaLocation="http://www.loc.gov/MARC21/slim http://www.loc.gov/standards/marcxml/schema/MARC21slim.xsd"
    xmlns="http://www.loc.gov/MARC21/slim">

  <leader>01602nam a22002177a 4500</leader>
  <controlfield tag="003">AR-RoUNCS</controlfield>
  <controlfield tag="005">20250930155937.0</controlfield>
  <controlfield tag="008">250930t2006    ag |||||r|||| 00| 0 spa d</controlfield>
  <datafield tag="020" ind1=" " ind2=" ">
    <subfield code="a">84-413-2186-8</subfield>
  </datafield>
  <datafield tag="040" ind1=" " ind2=" ">
    <subfield code="a">AR-RoUNCS</subfield>
    <subfield code="c">AR-RoUNCS</subfield>
  </datafield>
  <datafield tag="080" ind1=" " ind2=" ">
    <subfield code="0">321.01</subfield>
  </datafield>
  <datafield tag="100" ind1="1" ind2=" ">
    <subfield code="a">Maquiavelo, Nicol&#xE1;s,</subfield>
    <subfield code="d">1469-1527</subfield>
    <subfield code="e">autor</subfield>
  </datafield>
  <datafield tag="245" ind1="1" ind2="0">
    <subfield code="a">El pr&#xED;ncipe /</subfield>
    <subfield code="b">Nicol&#xE1;s Maquiavelo.</subfield>
  </datafield>
  <datafield tag="260" ind1=" " ind2=" ">
    <subfield code="a">Barcelona :</subfield>
    <subfield code="b">Folio,</subfield>
    <subfield code="c">2006.</subfield>
  </datafield>
  <datafield tag="300" ind1=" " ind2=" ">
    <subfield code="a">121 p. ;</subfield>
    <subfield code="c">19 cm.</subfield>
  </datafield>
  <datafield tag="490" ind1="0" ind2=" ">
    <subfield code="a">Grandes Ideas</subfield>
  </datafield>
  <datafield tag="520" ind1="3" ind2=" ">
    <subfield code="a"> Obra ensalzada y demonizada con parejo entusiasmo, escrita en el exilio en 1513, publicada p&#xF3;stumamente en 1531 y traducida por primera vez al espa&#xF1;ol reci&#xE9;n en 1821. El pr&#xED;ncipe, de Nicol&#xE1;s Maquiavelo, expone con notable claridad los grandes temas de la teor&#xED;a pol&#xED;tica: &#xBF;c&#xF3;mo llegar al poder y de qu&#xE9; manera mantenerse en &#xE9;l? &#xBF;cu&#xE1;les son los or&#xED;genes y la estructura del poder? &#xBF;es la pol&#xED;tica un deber o una ciencia? Temas que son abordados de manera tan sencilla y a la vez tan sugerente y llena de implicancias que a lo largo de varios siglos ha fascinado a estudiosos y gobernantes, entre ellos, a Napole&#xF3;n Bonaparte, cuyos comentarios al texto se incorporan en esta edici&#xF3;n. Nacido en Florencia en 1469, Niccol&#xF2; di Bernardo del Machiavelli fue funcionario, diplom&#xE1;tico, labriego, le&#xF1;ador y cuanto oficio le fuese necesario ejercer para sobrevivir, pero, esencialmente, fil&#xF3;sofo, pol&#xED;tico y editor. Autor prol&#xED;fico y de gran versatilidad, muri&#xF3; en 1527 ignorado y olvidado por sus contempor&#xE1;neos.</subfield>
  </datafield>
  <datafield tag="650" ind1=" " ind2="4">
    <subfield code="a">FILOSOF&#xCD;A POL&#xCD;TICA</subfield>
  </datafield>
  <datafield tag="650" ind1=" " ind2="4">
    <subfield code="a">ESTADO</subfield>
    <subfield code="v">TEOR&#xCD;A</subfield>
  </datafield>
  <datafield tag="942" ind1=" " ind2=" ">
    <subfield code="2">udc</subfield>
    <subfield code="c">OG</subfield>
    <subfield code="n">0</subfield>
  </datafield>
  <datafield tag="999" ind1=" " ind2=" ">
    <subfield code="c">632</subfield>
    <subfield code="d">632</subfield>
  </datafield>
  <datafield tag="952" ind1=" " ind2=" ">
    <subfield code="0">0</subfield>
    <subfield code="1">0</subfield>
    <subfield code="2">udc</subfield>
    <subfield code="4">0</subfield>
    <subfield code="7">0</subfield>
    <subfield code="8">CG</subfield>
    <subfield code="a">ESOCIALES</subfield>
    <subfield code="b">ESOCIALES</subfield>
    <subfield code="d">2025-09-30</subfield>
    <subfield code="e">Donaci&#xF3;n 2024</subfield>
    <subfield code="l">0</subfield>
    <subfield code="o">321.01</subfield>
    <subfield code="p">000314</subfield>
    <subfield code="r">2025-09-30 16:00:10</subfield>
    <subfield code="w">2025-09-30</subfield>
    <subfield code="y">OG</subfield>
  </datafield>
</record>
